00517nam a22001457a 4500020000800000040001600008082001300024100005000037245007200087260005400159300002900213942001200242999001900254952009800273 qHB. cFIZZA ISHAQ a031bGRO a Jeffrey H. Hacker, Bernard S. Cayne.9134328 aEncyclopedia Yearbook, 1987 /c Bernard S. Cayne Jeffrey H. Hacker. aNew York: bGrolier Incorporated Yearbook,c1987. a 608 p. : ill. ; c26 cm 2ddccBK c617316d617316 00102ddc4070aNQCbNQCcREFd2026-05-06l0o031 GROpQD-345r2026-05-06t1w2026-05-06yBK